000 00948cam a22002533a 4500
001 11731
003 PGUSA
005 20140828083240.0
008 040301s2004||||xxu|||||s|||||000 | eng d
040 _aPGUSA
_beng
042 _adc
050 4 _aF206
100 1 _aHutchins, Cortelle
245 1 0 _aVirginia :
_bthe Old Dominion : As seen from its colonial waterway, the historic river James, whose every succeeding turn reveals country replete with monuments and scenes recalling the march of history and its figures from the days of Captain John Smith to the present time
_h[electronic resource] /
_cCortelle Hutchins
260 _bProject Gutenberg,
_c2004
506 _aPublic domain in the USA.
516 _aElectronic text
653 _aJames River (Va.)
653 _aHouseboats
653 _aHistoric buildings -- Virginia
830 0 _aProject Gutenberg
_v11731
856 4 0 _uhttp://www.gutenberg.org/ebooks/11731
942 _cEB
999 _c240986
_d240986